Christ Acts through the sacraments
Gespeichert in:
| 1. Verfasser: | |
|---|---|
| Format: | Buch |
| Sprache: | Englisch |
| Veröffentlicht: |
Minneapolis
The Liturgical Press
1954
|
| Ausgabe: | 1a. ed |
| Schlagworte: | |
| Tags: |
Tag hinzufügen
Keine Tags, Fügen Sie den ersten Tag hinzu!
|
MARC
| LEADER | 00000cam a2200000 a 4500 | ||
|---|---|---|---|
| 001 | UCE9683 | ||
| 003 | CL-VaPUC | ||
| 008 | 151029e19540000us |||||||||||||||||eng|d | ||
| 082 | 0 | 4 | |a 234.16 |b ROG |2 21 |
| 100 | 0 | |a Roguet, M |e author |9 582571 | |
| 245 | 1 | 0 | |a Christ Acts through the sacraments |
| 250 | |a 1a. ed | ||
| 300 | |a 156 p | ||
| 942 | |c BK | ||
| 945 | |d 20151029 22:28:00 |a gsalatino | ||
| 260 | |a Minneapolis |b The Liturgical Press |c 1954 | ||
| 600 | 0 | 7 | |a CRISTO |2 CL-VaPUC |9 582572 |
| 650 | 0 | |a Sacramentos |9 257270 | |
| 650 | 0 | |a Teología pastoral |9 257832 | |
| 583 | |a last modification |c 20151029 22:28:00 |k Rodrigo Vera | ||
| 999 | |c 361328 |d 361326 | ||
| 952 | |0 0 |1 0 |3 erd |4 0 |6 234_160000000000000_ROG_1954 |7 0 |8 P |9 471762 |a BIBTEO |b BIBTES |c TEO_FTES |i 5208092 |o 234.16 ROG 1954 |p 5208092 |r 2024-01-18 |w 2019-11-24 |y BK |z Catalogado en:20151029 |k ICR | ||